| 000 | 01693cam a2200409 i 4500 | ||
|---|---|---|---|
| 001 | 14769302 | ||
| 003 | EG-ScBUE | ||
| 005 | 20230413103349.0 | ||
| 008 | 070314s2008 enk f b 001 0 eng d | ||
| 020 | _a9780415772730 | ||
| 020 | _a0415772737 | ||
| 020 | _a0203939328 (ebk.) | ||
| 035 | _a(OCoLC)ocm86172878 | ||
| 035 |
_a(OCoLC)86172878 _z(OCoLC)181141938 |
||
| 040 |
_aDLC _beng _erda _cDLC _dBTCTA _dBAKER _dBWKUK _dUKM _dYDXCP _dBOS _dDLC _dEG-ScBUE |
||
| 043 | _aa-le--- | ||
| 082 | 0 | 4 |
_a781.63095692 _222 _bSTO |
| 100 | 1 |
_aStone, Christopher Reed, _d1965- _eauthor. _912508 |
|
| 245 | 1 | 0 |
_aPopular culture and nationalism in Lebanon : _bthe Fairouz and Rahbani nation / _cChristopher Stone. |
| 264 | 1 |
_aLondon ; _aNew York : _bRoutledge, _c2008. |
|
| 300 |
_axiii, 226 pages ; _c24 cm. |
||
| 336 |
_2rdacontent _atext _btxt |
||
| 337 |
_2rdamedia _aunmediated _bn |
||
| 338 |
_2rdacarrier _avolume _bnc |
||
| 490 | 0 |
_aRoutledge studies in Middle Eastern literatures ; _v18 |
|
| 504 | _aIncludes bibliographical references and index. | ||
| 650 | 7 |
_aPopular music _zLebanon _xHistory and criticism. _2BUEsh _912509 |
|
| 650 | 7 |
_aMusical theater _zLebanon _y20th century. _2BUEsh _912510 |
|
| 650 | 7 |
_aPopular culture _zLebanon. _2BUEsh _912511 |
|
| 650 | 7 |
_aNationalism in music. _2BUEsh _912512 |
|
| 653 | _bART | ||
| 655 | _vReading book | ||
| 856 | 4 | 1 |
_3Table of contents only _uhttp://www.loc.gov/catdir/toc/ecip0713/2007010986.html |
| 856 | 4 | 2 |
_3Publisher description _uhttp://www.loc.gov/catdir/enhancements/fy0731/2007010986-d.html |
| 942 |
_2ddc _cBB |
||
| 999 |
_c13640 _d13640 |
||